000 00655nam a2200253Ia 4500
003 OSt
005 20221007074758.0
006 a|||||r|||| 00| 0
007 ta
008 221006b |||||||| |||| 00| 0 eng d
024 _a35,504
037 _cTextual
040 _aFLL
_cFLL
_beng
041 _2eng
_aeng
082 _aZ2,94, L3
100 _aLal Ratan
_9633577
245 0 _aLaw of evidence
250 _a6th
260 _aNagpur
_bWadhwa Sales Corporation India
_c1973
300 _axxxvii,394p
_ccm.
700 _a Lal Dhiraj
_9693107
942 _hZ2,94, L3
_cTEXL
_2CC
999 _c1153640
_d1153640